00756nam a2200229Ia 4500003000400000005001700004008004000021020001500061040000700076041000800083082001700091100002700108245012600135260003600261300001300297440001500310690002700325906001100352942001200363999001900375952013200394OSt20251003101045.0210210b2007 xxu||||| |||| 00| 0 eng d a8173715742 cAL aeng a539.721 VENB aVenkataraman G9241202 aBig and the small Vol II : from the microcosm to the macrocosmb: Fascinating link between particle physics and cosmology aIndiabUniversities Pressc2007 axix,211p aII9241203 aModern Physics9241206 a065487 2ddccBK c142965d142965 00102ddc40708PHYaALbALd2021-02-17eKnowledge Worldg225.00l0o539.721 VENBp065487r2021-02-17 00:00:00w2021-02-17yBK